000 00636nam a22002297a 4500
003 UA-OsUOA
001 88359
007 ta
008 20121003b un ||||| |||| 00| 0 ukr d
100 _aКуриленко Й. М.
090 _a82.09
_bК88
942 _cBK
040 _aUA-OsUOA
_bukr
_cUA-OsUOA
_dUA-OsUOA
245 _aСтарицький М. П.
_bЖиття і творчість
300 _a63 с.
955 _a1
041 _aukr
080 _a82.09
260 _aК.
_bВ-во Київського у-ту
_c1960
650 7 _a82 Література. Літературознавство
_2UDC
999 _c374657
_d374657